000 00799nam a2200265 a 4500
008
020 _a0521428734 (pbk.)
049 _aMAIN
090 _aK721.5
_bECO
245 0 0 _aEconomic rights /
_cedited by Ellen Frankel Paul, Fred D. Miller, Jr., and Jeffrey Paul.
260 _aCambridge :
_bCambridge University Press ,
_c1992.
300 _axi, 314 p. ;
_c23 cm.
504 _aIncludes bibliographical references.
500 _aIncludes index.
650 0 _aRight of property.
650 0 _aEconomics.
700 1 _aPaul, Ellen Frankel.
700 1 _aMiller, Fred Dycus.
700 1 _aPaul, Jeffrey.
907 _a.b1013492x
_b20-04-12
_c06-09-04
003
005 20230123133819.0
040 _cNUST
942 _cBOOKS
_kK721.5
_mECO
999 _c155076
_d155076